[Event "DEM U16 2012"]
[Site "Oberhof GER"]
[Date "2012.05.31"]
[Round "7"]
[White "Möhn, Hans"]
[Black "Krause, Benedict"]
[Result "0-1"]
[Termination "normal"]
[Board "5"]
[WhiteElo "2106"]
[BlackElo "1930"]
[PlyCount "92"]
[WhiteFideId "24647837"]
[BlackFideId "12917990"]
[EventCountry "GER"]
[EventRounds "9"]
[EventType "swiss"]
[EventDate "2012.05.26"]

1. d4 Nf6 2. c4 g6 3. Nc3 d5 4. cxd5 Nxd5 5. e4 Nxc3 6. bxc3 Bg7 7. Bc4 c5 8.
Ne2 Nc6 9. Be3 O-O 10. O-O Qc7 11. Rc1 b6 12. Qd2 Bb7 13. f4 Rad8 14. Rfd1 e5
15. Bd5 Na5 16. Qe1 Bxd5 17. exd5 exd4 18. cxd4 Rfe8 19. Bf2 Qe7 20. Nc3 Qxe1+
21. Rxe1 Rxe1+ 22. Rxe1 Bxd4 23. Nb5 Rxd5 24. Nxa7 c4 25. Nc8 Bxf2+ 26. Kxf2
Rb5 27. Re2 c3 28. Nd6 Rb2 29. Kf3 c2 30. Re8+ Kg7 31. Rc8 h5 32. f5 Rxa2 33.
Ne8+ Kh6 34. f6 Kg5 35. h4+ Kxh4 36. g3+ Kh3 37. Nd6 Nb3 38. Nxf7 c1=Q 39. Rxc1
Nxc1 40. Ng5+ Kh2 41. f7 Nd3 42. Ke3 Rf2 43. Kxd3 Rf5 44. Ke3 Kxg3 45. Ne4+ Kg2
46. Nd6 Rf3+ 0-1

[Event "DEM U16 2012"]
[Site "Oberhof GER"]
[Date "2012.05.31"]
[Round "7"]
[White "Stanau, Guido"]
[Black "Yankelevich, Lev"]
[Result "1/2-1/2"]
[Termination "normal"]
[Board "6"]
[WhiteElo "2094"]
[BlackElo "2162"]
[PlyCount "40"]
[WhiteFideId "24692255"]
[BlackFideId "24684074"]
[EventCountry "GER"]
[EventRounds "9"]
[EventType "swiss"]
[EventDate "2012.05.26"]

1. e4 Nf6 2. Nc3 e5 3. f4 d5 4. fxe5 Nxe4 5. Nf3 Bc5 6. d4 Bb4 7. Bd2 Bg4 8.
Be2 Nc6 9. O-O Nxd2 10. Qxd2 Be7 11. Qf4 Be6 12. Bd3 g5 13. Qe3 g4 14. Ne1 Bg5
15. Qf2 Ne7 16. Ne2 Qd7 17. c3 Ng6 18. Bc2 O-O-O 19. Nd3 Qe7 20. Nef4 Nxf4
1/2-1/2

[Event "DEM U16 2012"]
[Site "Oberhof GER"]
[Date "2012.05.31"]
[Round "7"]
[White "Grewenig, Jan"]
[Black "Stahnecker, Ludwig"]
[Result "1/2-1/2"]
[Termination "normal"]
[Board "7"]
[WhiteElo "1918"]
[BlackElo "2101"]
[PlyCount "49"]
[WhiteFideId "4657330"]
[BlackFideId "24692026"]
[EventCountry "GER"]
[EventRounds "9"]
[EventType "swiss"]
[EventDate "2012.05.26"]

1. e4 c5 2. Nf3 e6 3. d4 cxd4 4. Nxd4 a6 5. Bd3 Qc7 6. O-O Nf6 7. c4 Nc6 8.
Nxc6 dxc6 9. Nc3 e5 10. Qe2 Be6 11. f4 Bc5+ 12. Kh1 Rd8 13. f5 Bc8 14. Bg5 Qd6
15. Rad1 Bd4 16. Qc2 h6 17. Bh4 b6 18. a3 Bb7 19. b4 Rd7 20. Na4 c5 21. bxc5
bxc5 22. Bxf6 Qxf6 23. Rb1 O-O 24. Nb6 Rd6 25. Nd5 1/2-1/2

[Event "DEM U16 2012"]
[Site "Oberhof GER"]
[Date "2012.05.31"]
[Round "7"]
[White "Moritz, Aron"]
[Black "Lerch, Philipp"]
[Result "1/2-1/2"]
[Termination "normal"]
[Board "8"]
[WhiteElo "2130"]
[BlackElo "2084"]
[PlyCount "65"]
[WhiteFideId "24672319"]
[BlackFideId "4654129"]
[EventCountry "GER"]
[EventRounds "9"]
[EventType "swiss"]
[EventDate "2012.05.26"]

1. e4 c6 2. Nc3 d5 3. Nf3 dxe4 4. Nxe4 Nf6 5. Nxf6+ gxf6 6. c3 Bg4 7. h3 Bxf3
8. Qxf3 Nd7 9. d4 e6 10. Bd3 Bd6 11. Bh6 f5 12. O-O-O Qf6 13. Bd2 O-O-O 14. Kb1
Kb8 15. Rhe1 Rhg8 16. g3 Bc7 17. Bf1 Nb6 18. g4 Rd5 19. Bd3 Rgd8 20. gxf5 exf5
21. Bf4 Bxf4 22. Qxf4+ Ka8 23. Re5 Rxe5 24. Qxe5 Qxe5 25. dxe5 Nc4 26. Rg1 Nxe5
27. Bxf5 Ng6 28. Kc2 Kb8 29. Re1 Kc7 30. Re3 Rd6 31. Bg4 Rf6 32. Rf3 Rxf3 33.
Bxf3 1/2-1/2

[Event "DEM U16 2012"]
[Site "Oberhof GER"]
[Date "2012.05.31"]
[Round "7"]
[White "Koop, Thorben"]
[Black "Müller, Nick"]
[Result "1/2-1/2"]
[Termination "normal"]
[Board "9"]
[WhiteElo "2141"]
[BlackElo "2065"]
[PlyCount "120"]
[WhiteFideId "24661619"]
[BlackFideId "24692093"]
[EventCountry "GER"]
[EventRounds "9"]
[EventType "swiss"]
[EventDate "2012.05.26"]

1. Nf3 Nf6 2. g3 g6 3. Bg2 Bg7 4. O-O O-O 5. d4 d5 6. c4 dxc4 7. Na3 Nc6 8.
Nxc4 Be6 9. b3 Bd5 10. Bb2 a5 11. Rc1 a4 12. bxa4 Ra6 13. Nce5 Qa8 14. Nxc6
Bxc6 15. Ne5 Bxg2 16. Kxg2 Rc8 17. Qb3 e6 18. Qa3 b5+ 19. Kg1 Bf8 20. Qe3 Rxa4
21. Qf4 Bg7 22. Nc6 Nd5 23. Qd2 Re8 24. Qd3 Qa6 25. a3 Bf8 26. e4 Bxa3 27. exd5
Bxb2 28. Rc2 exd5 29. Rb1 Rc4 30. Rcxb2 Qxc6 31. Rxb5 Qe6 32. Rb8 Kg7 33. Rxe8
Qxe8 34. Qf3 Qe4 35. Qxe4 dxe4 36. Rd1 Kf6 37. f3 exf3 38. Kf2 Rc3 39. Re1 Kg5
40. Re7 Kf6 41. Re1 g5 42. h3 h5 43. g4 hxg4 44. hxg4 Rc4 45. Rd1 Ke6 46. Kxf3
Kd5 47. Ke3 Rc3+ 48. Kf2 Rc6 49. Ke3 Re6+ 50. Kf3 f6 51. Rd3 Re4 52. Rc3 Rf4+
53. Kg3 Rxd4 54. Rxc7 Rd3+ 55. Kg2 Ke5 56. Rc8 Rd5 57. Rc6 f5 58. gxf5 Kxf5 59.
Rc3 Kg4 60. Rc4+ Kh5 1/2-1/2

[Event "DEM U16 2012"]
[Site "Oberhof GER"]
[Date "2012.05.31"]
[Round "7"]
[White "Florstedt, Johannes"]
[Black "Pixa, Richard"]
[Result "1/2-1/2"]
[Termination "normal"]
[Board "10"]
[WhiteElo "2093"]
[BlackElo "1875"]
[PlyCount "55"]
[WhiteFideId "12922293"]
[BlackFideId "4626095"]
[EventCountry "GER"]
[EventRounds "9"]
[EventType "swiss"]
[EventDate "2012.05.26"]

1. e4 e6 2. Nf3 d5 3. Nc3 Nf6 4. e5 Nfd7 5. d4 c5 6. dxc5 Nc6 7. Bf4 Bxc5 8.
Bd3 a6 9. Qe2 f6 10. exf6 Nxf6 11. O-O-O O-O 12. Ne5 Bd6 13. Rhe1 Qc7 14. h3 b5
15. Kb1 b4 16. Na4 Nxe5 17. Bxe5 Bd7 18. b3 Bxa4 19. bxa4 Bxe5 20. Qxe5 Qxe5
21. Rxe5 Kf7 22. Rde1 Rfe8 23. a5 g6 24. R5e3 Re7 25. Bf1 Rc8 26. Bxa6 Ra8 27.
Be2 Rxa5 28. Bf3 1/2-1/2

[Event "DEM U16 2012"]
[Site "Oberhof GER"]
[Date "2012.05.31"]
[Round "7"]
[White "Kyas, Philipp"]
[Black "Gibicar, Danijel"]
[Result "1/2-1/2"]
[Termination "normal"]
[Board "11"]
[WhiteElo "2100"]
[BlackElo "2100"]
[PlyCount "87"]
[WhiteFideId "24670936"]
[BlackFideId "24660256"]
[EventCountry "GER"]
[EventRounds "9"]
[EventType "swiss"]
[EventDate "2012.05.26"]

1. d4 Nf6 2. c4 c5 3. d5 b5 4. Nf3 g6 5. cxb5 a6 6. b6 d6 7. Nc3 Bg7 8. e4 Nbd7
9. a4 Qxb6 10. a5 Qb8 11. Be2 O-O 12. O-O Ne8 13. Nd2 Nc7 14. Nc4 Ra7 15. Na4
Nb5 16. Bg5 Re8 17. Rb1 Rb7 18. Bg4 Nd4 19. Bxd7 Bxd7 20. Nab6 Bb5 21. b3 e6
22. Be3 exd5 23. exd5 Rbe7 24. b4 Qd8 25. bxc5 dxc5 26. Kh1 Bxc4 27. Nxc4 Qxd5
28. Qd3 Qh5 29. Rb6 Rd7 30. h3 Red8 31. Rxa6 Ne6 32. Qe4 Qe2 33. Rc1 Ng5 34.
Qc2 Qh5 35. Rc6 Nxh3 36. Rxc5 Ng5+ 37. Kg1 Rd1+ 38. Rxd1 Rxd1+ 39. Qxd1 Qxd1+
40. Kh2 Qh5+ 41. Kg1 Qd1+ 42. Kh2 Qh5+ 43. Kg1 Qd1+ 44. Kh2 1/2-1/2

[Event "DEM U16 2012"]
[Site "Oberhof GER"]
[Date "2012.05.31"]
[Round "7"]
[White "Kreyssig, Robert"]
[Black "Kardoeus, David"]
[Result "1-0"]
[Termination "normal"]
[Board "12"]
[WhiteElo "1935"]
[BlackElo "1771"]
[PlyCount "57"]
[WhiteFideId "4662881"]
[BlackFideId "12912050"]
[EventCountry "GER"]
[EventRounds "9"]
[EventType "swiss"]
[EventDate "2012.05.26"]

1. d4 Nf6 2. c4 c5 3. d5 b5 4. cxb5 a6 5. bxa6 Bxa6 6. b3 d6 7. Bb2 Nbd7 8. g3
g6 9. Bg2 Bg7 10. Nh3 O-O 11. O-O Qc7 12. Bc3 Rfb8 13. Nf4 c4 14. b4 g5 15. Nh3
Nb6 16. Nxg5 Bb7 17. e4 Na4 18. Qc2 h6 19. Nh3 Nxc3 20. Nxc3 Bc8 21. a3 Bxh3
22. Bxh3 Nxe4 23. Nxe4 Bxa1 24. Rxa1 Rxb4 25. Qd2 Qb8 26. Qxh6 Rb1+ 27. Kg2
Rxa1 28. Bf5 Qb2 29. Bh7+ 1-0

[Event "DEM U16 2012"]
[Site "Oberhof GER"]
[Date "2012.05.31"]
[Round "7"]
[White "Persch, Adrian"]
[Black "Grötzbach, Julian"]
[Result "1/2-1/2"]
[Termination "normal"]
[Board "13"]
[WhiteElo "2030"]
[BlackElo "2042"]
[PlyCount "71"]
[WhiteFideId "24698830"]
[BlackFideId "24600938"]
[EventCountry "GER"]
[EventRounds "9"]
[EventType "swiss"]
[EventDate "2012.05.26"]

1. d4 d5 2. c4 c6 3. cxd5 cxd5 4. Nc3 Nf6 5. h3 Nc6 6. Nf3 Bf5 7. Qb3 Na5 8.
Qb5+ Bd7 9. Qd3 e6 10. Ne5 Bb4 11. Bd2 O-O 12. f3 Nh5 13. h4 Ng3 14. Rh3 Nxf1
15. Kxf1 f6 16. Nxd7 Qxd7 17. b3 Rac8 18. Na4 Bxd2 19. Qxd2 b6 20. Kf2 Rc6 21.
Rhh1 Rfc8 22. Rac1 Qc7 23. Rxc6 Qxc6 24. Qb4 Kf7 25. Rd1 Qc2 26. Rd2 Qc1 27.
Rd3 Nb7 28. Rc3 Rxc3 29. Qxc3 Qxc3 30. Nxc3 Nd6 31. e4 dxe4 32. fxe4 Ke8 33.
Ke3 Kd7 34. g4 Nf7 35. Ne2 Nd6 36. Nc3 1/2-1/2

[Event "DEM U16 2012"]
[Site "Oberhof GER"]
[Date "2012.05.31"]
[Round "7"]
[White "Arnoczky, Philipp"]
[Black "Knopf, Felix"]
[Result "0-1"]
[Termination "normal"]
[Board "14"]
[WhiteElo "1999"]
[BlackElo "1790"]
[PlyCount "82"]
[WhiteFideId "12913243"]
[BlackFideId "24692204"]
[EventCountry "GER"]
[EventRounds "9"]
[EventType "swiss"]
[EventDate "2012.05.26"]

1. d4 d5 2. c4 c6 3. Qc2 Nf6 4. Nf3 e6 5. g3 dxc4 6. Bg2 b5 7. a4 Bb7 8. Bg5
Be7 9. Bxf6 Bxf6 10. O-O g6 11. Rd1 O-O 12. Nc3 a6 13. Ne5 Qc7 14. Ng4 Bg7 15.
axb5 cxb5 16. d5 exd5 17. Bxd5 Nc6 18. Qe4 Nd8 19. Qf3 Kh8 20. Bxb7 Nxb7 21.
Nf6 Nc5 22. Ncd5 Qe5 23. h4 Rad8 24. h5 Rd6 25. Ng4 Qe4 26. Qxe4 Nxe4 27. Nc3
Rxd1+ 28. Nxd1 Rd8 29. Nge3 Rd6 30. hxg6 hxg6 31. Kg2 Nc5 32. Nc3 Rd2 33. Ned1
b4 34. Na2 Bxb2 35. Rb1 c3 36. Nxb4 a5 37. Nxb2 Rxb2 38. Rh1+ Kg7 39. Nd3 Nxd3
40. exd3 c2 41. Rc1 a4 0-1

[Event "DEM U16 2012"]
[Site "Oberhof GER"]
[Date "2012.05.31"]
[Round "7"]
[White "Kühne, Niklas"]
[Black "Katz, Leo"]
[Result "0-1"]
[Termination "normal"]
[Board "15"]
[WhiteElo "1724"]
[BlackElo "1817"]
[PlyCount "116"]
[WhiteFideId "24690015"]
[BlackFideId "12918458"]
[EventCountry "GER"]
[EventRounds "9"]
[EventType "swiss"]
[EventDate "2012.05.26"]

1. c4 e6 2. d4 d5 3. Nc3 Be7 4. Bf4 Nf6 5. Nf3 O-O 6. e3 c5 7. Bd3 dxc4 8. Bxc4
a6 9. a4 cxd4 10. exd4 Nbd7 11. O-O Nb6 12. Bd3 Nbd5 13. Bg3 b6 14. Rc1 Bb7 15.
Bb1 Rc8 16. Re1 Bd6 17. Ne5 Qe7 18. Bh4 Nf4 19. Be4 Ng6 20. Bxf6 gxf6 21. Bxb7
Qxb7 22. Nxg6 hxg6 23. Ne4 Be7 24. Qf3 Kg7 25. h3 Qd5 26. Rxc8 Rxc8 27. Qd3 Rc4
28. Rd1 e5 29. Nc3 Qxd4 30. Qxd4 Rxd4 31. Rxd4 exd4 32. Nd5 Bc5 33. b4 Bd6 34.
Kf1 a5 35. bxa5 bxa5 36. Ke2 f5 37. Kd3 Bb8 38. Ne7 Kf6 39. Nc6 Bc7 40. Nxd4
Ke5 41. Ne2 Kd5 42. f3 Kc5 43. Kc3 Be5+ 44. Kb3 Bf6 45. g3 Be5 46. g4 fxg4 47.
fxg4 Bf6 48. Nc3 Bxc3 49. Kxc3 g5 50. Kd3 Kb4 51. Ke4 Kxa4 52. Kf5 Kb4 53. Kxg5
a4 54. Kf6 a3 55. Kxf7 a2 56. Kg6 a1=Q 57. h4 Qh8 58. h5 Kc5 0-1

[Event "DEM U16 2012"]
[Site "Oberhof GER"]
[Date "2012.05.31"]
[Round "7"]
[White "Passon, Marcel"]
[Black "Schreiber, Kevin"]
[Result "0-1"]
[Termination "normal"]
[Board "16"]
[WhiteElo "1894"]
[BlackElo "1869"]
[PlyCount "74"]
[WhiteFideId "12905186"]
[BlackFideId "24655830"]
[EventCountry "GER"]
[EventRounds "9"]
[EventType "swiss"]
[EventDate "2012.05.26"]

1. d4 d5 2. c4 e6 3. Nc3 Be7 4. Nf3 Nf6 5. Bf4 O-O 6. e3 Nbd7 7. c5 Nh5 8. Bg3
Nxg3 9. hxg3 c6 10. Bd3 h6 11. O-O e5 12. Bf5 e4 13. Nd2 g6 14. Bg4 f5 15. Be2
Kg7 16. f3 h5 17. Kf2 Bf6 18. Rh1 Nxc5 19. dxc5 d4 20. Ndxe4 fxe4 21. Nxe4
dxe3+ 22. Kxe3 Bxb2 23. Rb1 Be5 24. f4 Qxd1 25. Rhxd1 Bc7 26. Nd6 b6 27. Bf3
bxc5 28. Bxc6 Rb8 29. Ne8+ Rxe8+ 30. Bxe8 Bb6 31. Bb5 Bf5 32. Rb2 c4+ 33. Kd2
Rd8+ 34. Ke1 Ba5+ 35. Rbd2 Rxd2 36. Rxd2 c3 37. Kd1 cxd2 0-1

[Event "DEM U16 2012"]
[Site "Oberhof GER"]
[Date "2012.05.31"]
[Round "7"]
[White "Imcke, Patrick"]
[Black "Adiyaman, Rene"]
[Result "1-0"]
[Termination "normal"]
[Board "17"]
[WhiteElo "1855"]
[BlackElo "1860"]
[PlyCount "43"]
[WhiteFideId "4622502"]
[BlackFideId "12910414"]
[EventCountry "GER"]
[EventRounds "9"]
[EventType "swiss"]
[EventDate "2012.05.26"]

1. e4 g6 2. d4 Bg7 3. Nc3 d6 4. Be3 Nd7 5. Qd2 h6 6. O-O-O e6 7. f4 Ne7 8. Nf3
b6 9. Bd3 Bb7 10. Rhf1 Nf6 11. f5 gxf5 12. exf5 Qd7 13. fxe6 fxe6 14. Rfe1
O-O-O 15. g3 Nfd5 16. Nxd5 Nxd5 17. Bg1 Qa4 18. c3 e5 19. dxe5 dxe5 20. Qe2 e4
21. Bb5 exf3 22. Qe6+ 1-0

[Event "DEM U16 2012"]
[Site "Oberhof GER"]
[Date "2012.06.01"]
[Round "8"]
[White "Krause, Benedict"]
[Black "Carow, Johannes"]
[Result "1-0"]
[Termination "normal"]
[Board "1"]
[WhiteElo "1930"]
[BlackElo "2206"]
[PlyCount "91"]
[WhiteFideId "12917990"]
[BlackFideId "24692050"]
[EventCountry "GER"]
[EventRounds "9"]
[EventType "swiss"]
[EventDate "2012.05.26"]

1. e4 c5 2. Nf3 e6 3. d3 Nc6 4. g3 Nge7 5. Bg2 g6 6. O-O Bg7 7. c3 O-O 8. d4
cxd4 9. cxd4 d5 10. e5 b6 11. Nc3 Ba6 12. Re1 Qd7 13. Bg5 Rfc8 14. Qd2 Na5 15.
b3 Rc7 16. Bf1 Bxf1 17. Rxf1 Rac8 18. Rac1 Nf5 19. g4 Ne7 20. Bf6 h6 21. Ne1
Kh7 22. f4 Ng8 23. Bxg7 Kxg7 24. f5 exf5 25. gxf5 gxf5 26. Ng2 Ne7 27. Nf4 Rg8
28. Rce1 Rc6 29. Kh1 Kh8 30. Nh5 Rgg6 31. Ne2 Ng8 32. Nef4 Rg5 33. Qe3 Nb7 34.
e6 fxe6 35. Rg1 Qf7 36. Qe5+ Kh7 37. h4 Rg4 38. Rxg4 fxg4 39. Rg1 Nd6 40. Rxg4
Nf5 41. Rg1 Qc7 42. Nf6+ Nxf6 43. Qxf6 Ng7 44. Nh5 Rc1 45. Qg6+ Kg8 46. Qe8+
1-0

[Event "DEM U16 2012"]
[Site "Oberhof GER"]
[Date "2012.06.01"]
[Round "8"]
[White "Kvetny, Mark"]
[Black "Neef, Maximilian"]
[Result "1/2-1/2"]
[Termination "normal"]
[Board "2"]
[WhiteElo "2230"]
[BlackElo "2064"]
[PlyCount "57"]
[WhiteFideId "24603929"]
[BlackFideId "24692085"]
[EventCountry "GER"]
[EventRounds "9"]
[EventType "swiss"]
[EventDate "2012.05.26"]

1. d4 Nf6 2. c4 g6 3. Nc3 Bg7 4. e4 d6 5. Be2 O-O 6. Nf3 e5 7. Be3 Ng4 8. Bg5
f6 9. Bh4 g5 10. Bg3 Nh6 11. h3 exd4 12. Nxd4 Nc6 13. h4 f5 14. hxg5 Bxd4 15.
Rxh6 Qxg5 16. Rh5 Qg7 17. Qd2 f4 18. Bh4 Kh8 19. Bg5 Rf7 20. O-O-O Be5 21. Rdh1
Be6 22. Nd5 Nd4 23. Bd3 f3 24. g3 b5 25. Nf4 Bxc4 26. Bh6 Qf6 27. Bg5 Qg7 28.
Bh6 Qf6 29. Bg5 1/2-1/2

[Event "DEM U16 2012"]
[Site "Oberhof GER"]
[Date "2012.06.01"]
[Round "8"]
[White "Lampert, Jonas"]
[Black "Noe, Christopher"]
[Result "0-1"]
[Termination "normal"]
[Board "3"]
[WhiteElo "2279"]
[BlackElo "2158"]
[PlyCount "96"]
[WhiteFideId "1303759"]
[BlackFideId "24692018"]
[EventCountry "GER"]
[EventRounds "9"]
[EventType "swiss"]
[EventDate "2012.05.26"]

1. e4 e5 2. Nf3 Nc6 3. Bb5 a6 4. Ba4 Nf6 5. O-O Be7 6. Re1 b5 7. Bb3 O-O 8. a4
Bb7 9. d3 d6 10. c3 Na5 11. Bc2 c5 12. Nbd2 Nc6 13. Nf1 Re8 14. Ng3 Bf8 15. d4
cxd4 16. cxd4 Nxd4 17. Nxd4 exd4 18. Qxd4 Rc8 19. Bd3 d5 20. e5 Ne4 21. b4 a5
22. Ba3 bxa4 23. b5 Nc5 24. Bxc5 Bxc5 25. Qxa4 Bb4 26. Re2 Qg5 27. Rf1 Rc1 28.
Rxc1 Qxc1+ 29. Nf1 Rc8 30. Rc2 Rxc2 31. Bxc2 Kf8 32. e6 fxe6 33. Bxh7 d4 34.
Qb3 Qg5 35. Ng3 Qd5 36. Qxd5 Bxd5 37. Bc2 Ke7 38. Ne2 e5 39. Nc1 e4 40. f3 d3
41. Bd1 d2 42. Nb3 e3 43. Nd4 Bc5 44. Ne2 Bc4 45. b6 Bxe2 46. Bxe2 d1=Q+ 47.
Bxd1 e2+ 48. Kh1 e1=Q# 0-1

[Event "DEM U16 2012"]
[Site "Oberhof GER"]
[Date "2012.06.01"]
[Round "8"]
[White "Stahnecker, Ludwig"]
[Black "Powierski, Emil"]
[Result "1/2-1/2"]
[Termination "normal"]
[Board "4"]
[WhiteElo "2101"]
[BlackElo "2044"]
[PlyCount "94"]
[WhiteFideId "24692026"]
[BlackFideId "4656199"]
[EventCountry "GER"]
[EventRounds "9"]
[EventType "swiss"]
[EventDate "2012.05.26"]

1. e4 c5 2. Nf3 d6 3. d4 cxd4 4. Nxd4 Nf6 5. Nc3 a6 6. Bc4 e6 7. a4 Be7 8. O-O
O-O 9. Be3 Nxe4 10. Nxe4 d5 11. Nd2 dxc4 12. Nxc4 Nd7 13. Qe2 Qc7 14. a5 Bc5
15. Rfd1 Nf6 16. Nb3 Bxe3 17. Nxe3 Bd7 18. Nd4 Bc6 19. Nc4 Rad8 20. Qe5 Qxe5
21. Nxe5 Be4 22. f3 Bg6 23. c4 Rd6 24. Nxg6 hxg6 25. Nb3 Rc6 26. Rac1 Rfc8 27.
c5 Kf8 28. Rc4 Ke7 29. Rdc1 Nd7 30. Rb4 R8c7 31. Kf2 e5 32. Rbc4 Ke6 33. f4 f6
34. Kf3 Kd5 35. R4c3 Nxc5 36. Rd1+ Ke6 37. fxe5 fxe5 38. Re1 Rf7+ 39. Ke3 Nxb3
40. Rxb3 Rfc7 41. Re2 Rc5 42. Rb6+ R5c6 43. Rb4 Rc4 44. Rb6+ Kf5 45. Rf2+ Rf4
46. Rxf4+ exf4+ 47. Kf3 g5 1/2-1/2

[Event "DEM U16 2012"]
[Site "Oberhof GER"]
[Date "2012.06.01"]
[Round "8"]
[White "Yankelevich, Lev"]
[Black "Grewenig, Jan"]
[Result "0-1"]
[Termination "normal"]
[Board "5"]
[WhiteElo "2162"]
[BlackElo "1918"]
[PlyCount "78"]
[WhiteFideId "24684074"]
[BlackFideId "4657330"]
[EventCountry "GER"]
[EventRounds "9"]
[EventType "swiss"]
[EventDate "2012.05.26"]

1. e4 c5 2. Nf3 d6 3. Bb5+ Bd7 4. Bxd7+ Nxd7 5. c4 Ngf6 6. Nc3 g6 7. d4 cxd4 8.
Nxd4 Bg7 9. O-O O-O 10. b3 Qa5 11. Bb2 a6 12. Re1 Rfc8 13. Nd5 Re8 14. Bc3 Qd8
15. a4 e6 16. Nxf6+ Nxf6 17. Nf3 d5 18. e5 Ne4 19. Bd4 Bf8 20. Re3 a5 21. cxd5
Qxd5 22. Qe2 Ng5 23. Nxg5 Qxd4 24. Rd1 Qf4 25. Ne4 Red8 26. Nf6+ Kg7 27. Rf1
Be7 28. Rf3 Qg5 29. Qb5 Rab8 30. Qxa5 Rbc8 31. Qb5 Rc1 32. g3 Rxf1+ 33. Kxf1
Rd1+ 34. Kg2 Qc1 35. Rf4 Rh1 36. Ne4 Qg1+ 37. Kf3 g5 38. Rf6 Qd1+ 39. Kg2 Rg1+
0-1

[Event "DEM U16 2012"]
[Site "Oberhof GER"]
[Date "2012.06.01"]
[Round "8"]
[White "Tennert, Simon"]
[Black "Möhn, Hans"]
[Result "1-0"]
[Termination "normal"]
[Board "6"]
[WhiteElo "2074"]
[BlackElo "2106"]
[PlyCount "63"]
[WhiteFideId "1270445"]
[BlackFideId "24647837"]
[EventCountry "GER"]
[EventRounds "9"]
[EventType "swiss"]
[EventDate "2012.05.26"]

1. e4 c5 2. Nf3 e6 3. d4 cxd4 4. Nxd4 a6 5. Bd3 Bc5 6. Nb3 Ba7 7. Qg4 Nf6 8.
Qg3 d6 9. Nc3 Nc6 10. Bg5 Ne5 11. O-O-O Qe7 12. f4 Nxd3+ 13. Rxd3 h6 14. Bh4 g5
15. fxg5 Nh5 16. Qg4 hxg5 17. Bxg5 f6 18. Bh4 Kf7 19. Qf3 Bd7 20. Bf2 Bb8 21.
g4 Ng7 22. Bg3 Bc7 23. Rhd1 Ne8 24. Qf2 Bc6 25. g5 Kg8 26. gxf6 Qxf6 27. Rf3
Qg6 28. Rg1 Ng7 29. Bf4 Qf6 30. Bg5 Rxh2 31. Bxf6 Rxf2 32. Rxg7+ 1-0

[Event "DEM U16 2012"]
[Site "Oberhof GER"]
[Date "2012.06.01"]
[Round "8"]
[White "Galkin, Wladislaw"]
[Black "Stanau, Guido"]
[Result "0-1"]
[Termination "normal"]
[Board "7"]
[WhiteElo "1989"]
[BlackElo "2094"]
[PlyCount "58"]
[WhiteFideId "4603192"]
[BlackFideId "24692255"]
[EventCountry "GER"]
[EventRounds "9"]
[EventType "swiss"]
[EventDate "2012.05.26"]

1. c4 e5 2. g3 Nc6 3. Bg2 Bc5 4. Nc3 d6 5. e3 a6 6. a3 Ba7 7. Nge2 Nge7 8. O-O
Be6 9. d3 Qd7 10. Nd5 O-O 11. b4 f5 12. Nec3 f4 13. b5 axb5 14. cxb5 Nxd5 15.
Nxd5 fxe3 16. bxc6 exf2+ 17. Kh1 bxc6 18. Ne3 d5 19. Qc2 e4 20. dxe4 d4 21. Nd1
d3 22. Qd2 Bg4 23. Rxf2 Bxf2 24. Nxf2 Qd4 25. Qa2+ Be6 26. Qxe6+ Kh8 27. Rb1
Qxf2 28. Bf4 d2 29. Qg4 Qe1+ 0-1

[Event "DEM U16 2012"]
[Site "Oberhof GER"]
[Date "2012.06.01"]
[Round "8"]
[White "Gibicar, Danijel"]
[Black "Moritz, Aron"]
[Result "1/2-1/2"]
[Termination "normal"]
[Board "8"]
[WhiteElo "2100"]
[BlackElo "2130"]
[PlyCount "63"]
[WhiteFideId "24660256"]
[BlackFideId "24672319"]
[EventCountry "GER"]
[EventRounds "9"]
[EventType "swiss"]
[EventDate "2012.05.26"]

1. d4 Nf6 2. c4 g6 3. Nc3 Bg7 4. e4 d6 5. f3 O-O 6. Be3 c5 7. Nge2 Nc6 8. d5
Ne5 9. Ng3 e6 10. Be2 exd5 11. cxd5 a6 12. a4 Rb8 13. O-O Bd7 14. h3 b5 15. f4
Nc4 16. Bxc4 bxc4 17. Qe2 Re8 18. Qxc4 Rxb2 19. Rab1 Rxb1 20. Rxb1 Qa5 21. Bd2
h5 22. e5 dxe5 23. fxe5 Rxe5 24. Nce4 Qd8 25. Bf4 Nxe4 26. Nxe4 Rxe4 27. Qxe4
Bf5 28. Qxf5 gxf5 29. Rb8 Bd4+ 30. Kf1 Qxb8 31. Bxb8 Kf8 32. Ke2 1/2-1/2

[Event "DEM U16 2012"]
[Site "Oberhof GER"]
[Date "2012.06.01"]
[Round "8"]
[White "Pixa, Richard"]
[Black "Koop, Thorben"]
[Result "1/2-1/2"]
[Termination "normal"]
[Board "9"]
[WhiteElo "1875"]
[BlackElo "2141"]
[PlyCount "108"]
[WhiteFideId "4626095"]
[BlackFideId "24661619"]
[EventCountry "GER"]
[EventRounds "9"]
[EventType "swiss"]
[EventDate "2012.05.26"]

1. d4 Nf6 2. c4 g6 3. f3 Bg7 4. e4 O-O 5. Nc3 c6 6. Be3 d5 7. e5 Nfd7 8. cxd5
cxd5 9. Qd2 Nb6 10. Bd3 Nc6 11. Nge2 Nb4 12. g4 f6 13. exf6 exf6 14. O-O-O Re8
15. Ng3 Nxd3+ 16. Qxd3 Nc4 17. Bd2 b5 18. Rhe1 Be6 19. Kb1 Qd7 20. b3 Nd6 21.
Rc1 f5 22. gxf5 Nxf5 23. Qxb5 Bxd4 24. Qxd7 Bxd7 25. Nge2 Be5 26. f4 Bg7 27.
Nxd5 Nh4 28. Nec3 Bf5+ 29. Kb2 Nf3 30. Ne7+ Rxe7 31. Rxe7 Nxd2 32. Rce1 Kf8 33.
R1e2 Rc8 34. Rxg7 Nc4+ 35. bxc4 Kxg7 36. Re7+ Kh6 37. Kb3 Bd3 38. Rxa7 Rxc4 39.
Rf7 Rd4 40. Kb2 Bc4 41. Rf6 Kg7 42. Rc6 Rxf4 43. a4 Bf1 44. Kb3 Rh4 45. a5 Rxh2
46. a6 Bxa6 47. Rxa6 g5 48. Ne4 g4 49. Kc3 h5 50. Kd3 Rh3+ 51. Ke2 Rf3 52. Rd6
h4 53. Rd5 Kh6 54. Rd6+ Kg7 1/2-1/2

[Event "DEM U16 2012"]
[Site "Oberhof GER"]
[Date "2012.06.01"]
[Round "8"]
[White "Lerch, Philipp"]
[Black "Imcke, Patrick"]
[Result "1/2-1/2"]
[Termination "normal"]
[Board "10"]
[WhiteElo "2084"]
[BlackElo "1855"]
[PlyCount "82"]
[WhiteFideId "4654129"]
[BlackFideId "4622502"]
[EventCountry "GER"]
[EventRounds "9"]
[EventType "swiss"]
[EventDate "2012.05.26"]

1. c4 g6 2. g3 Bg7 3. Bg2 Nf6 4. Nc3 O-O 5. d4 d6 6. Nf3 Nbd7 7. O-O e5 8. e4
exd4 9. Nxd4 a5 10. b3 Nc5 11. h3 Re8 12. Re1 Bd7 13. Rb1 Ne6 14. Nxe6 Rxe6 15.
Bb2 Bc6 16. a3 Nd7 17. Qc2 Re8 18. b4 axb4 19. axb4 b6 20. Rbd1 h5 21. h4 Ra2
22. Ra1 Rxa1 23. Rxa1 Ne5 24. Nd5 Bxd5 25. cxd5 Qd7 26. Ra7 Re7 27. Qe2 Ng4 28.
Bxg7 Kxg7 29. Qb2+ Kg8 30. Qc3 f5 31. Ra8+ Re8 32. Rxe8+ Qxe8 33. Qxc7 fxe4 34.
Qxb6 e3 35. fxe3 Qe5 36. Qb8+ Kg7 37. Qa7+ Kg8 38. Qb8+ Kh7 39. Qa7+ Kg8 40.
Qa8+ Kh7 41. Qa7+ Kg8 1/2-1/2